书目信息 |
| 题名: |
数字系统设计与EDA技术
|
|
| 作者: | 润伟 主编 | |
| 分册: | ||
| 出版信息: | 北京 机械工业出版社 2006.01 |
|
| 页数: | 177页 | |
| 开本: | 26cm | |
| 丛书名: | ||
| 单 册: | ||
| 中图分类: | TP271 , TN702 | |
| 科图分类: | ||
| 主题词: | 数字系统--shu zi xi tong--系统设计--高等学校--技术学校--教材 , 电子电路--dian zi dian lu--计算机辅助设计--应用软件--高等教育--教材 | |
| 电子资源: | ||
| ISBN: | 7-111-17561-1 | |
| 000 | 00959nam0 2200277 450 | |
| 001 | 012006267594 | |
| 005 | 20060919165506.93 | |
| 010 | @a7-111-17561-1@dCNY17.00 | |
| 100 | @a20060618d2006 km y0chiy0120 ea | |
| 101 | 0 | @achi |
| 102 | @aCN@b110000 | |
| 105 | @aa a 000yy | |
| 200 | 1 | @a数字系统设计与EDA技术@Ashu zi xi tong she ji yu EDA ji shu@f润伟主编@Frun wei zhu bian |
| 205 | @a新版 | |
| 210 | @a北京@c机械工业出版社@d2006.01 | |
| 215 | @a177页@c图@d26cm | |
| 300 | @a21世纪高职高专系列教材 | |
| 320 | @a有书目 (第177页)。 | |
| 330 | @a本书介绍了数字系统的设计方法、可编程逻辑器件、VHDL硬件描述语言、EDA开发软件MAX+plusII和QuartusII。 | |
| 606 | 0 | @a数字系统@Ashu zi xi tong@x系统设计@x高等学校@x技术学校@j教材 |
| 606 | 0 | @a电子电路@Adian zi dian lu@x计算机辅助设计@x应用软件@x高等教育@j教材 |
| 690 | @aTP271@v4 | |
| 690 | @aTN702@v4 | |
| 701 | 0 | @a润伟@Arun wei@4主编 |
| 801 | 0 | @aCN@bQSSK@c20060919 |
| 905 | @a10447@dTP271@eR946 | |
| 数字系统设计与EDA技术/润伟主编.-新版.-北京:机械工业出版社,2006.01 |
| 177页:图;26cm |
| 21世纪高职高专系列教材 |
| ISBN 7-111-17561-1:CNY17.00 |
| 本书介绍了数字系统的设计方法、可编程逻辑器件、VHDL硬件描述语言、EDA开发软件MAX+plusII和QuartusII。 |
| ● |
| 相关链接 |
|
|
|
正题名:数字系统设计与EDA技术
索取号:TP271/R946
 
预约/预借
| 序号 | 登录号 | 条形码 | 馆藏地/架位号 | 状态 | 备注 |
| 1 | 589141 | 205891418 | 自科库301/301自科库 37排2列2层/ [索取号:TP271/R946] | 在馆 | |
| 2 | 589142 | 205891427 | 自科库301/301自科库 41排4列3层/ [索取号:TP271/R946] | 在馆 | |
| 3 | 589143 | 205891436 | 自科库301/301自科库 41排4列3层/ [索取号:TP271/R946] | 在馆 |